Detalles MARC
| 000 -LÍDER |
| Campo fijo de descripción fija |
02015nam a2200325 i 4500 |
| 001 - NÚMERO DE CONTROL |
| Campo de control |
768714001 |
| 003 - IDENTIFICADOR DEL NÚMERO DE CONTROL |
| Campo de control |
CO-MdFUSB |
| 005 - FECHA Y HORA DE LA ULTIMA TRANSACCIÓN |
| control field |
20200617161419.0 |
| 007 - CAMPO FIJO DE DESCRIPCIÓN FIJA--INFORMACIÓN GENERAL |
| Campo fijo de descripción fija |
ta |
| 008 - ELEMENTOS DE LONGITUD FIJA -- INFORMACIÓN GENERAL |
| Campo fijo de descripción fija -- Información general |
200403t2010 -us |||| |||| 00| 0 eng d |
| 020 ## - NÚMERO INTERNACIONAL NORMALIZADO PARA LIBROS |
| Número Internacional Normalizado del libro |
9780801047763 |
| 040 ## - FUENTE DE CATALOGACIÓN |
| Agencia de catalogación original |
CO-MdFUSB |
| Idioma de catalogación |
spa |
| Agencia que realiza la transcripción |
CO-MdFUSB |
| Agencia que realiza la modificación |
CO-MdFUSBC |
| Convenciones de la descripción |
rda |
| 041 ## - CÓDIGO DE IDIOMA |
| Código de idioma para texto/pista de sonido o título separado |
eng |
| 082 ## - NÚMERO DE CLASIFICACIÓN DECIMAL DEWEY |
| Número de la edición del Dewey |
23 |
| Número de clasificación |
226.607 |
| Clave de autor-Numero de item |
SP745 |
| 100 ## - ASIENTO PRINCIPAL--NOMBRE PERSONAL |
| Nombre personal |
Spencer, F. Scott. |
| Término relacionador |
autor |
| 245 1# - TÍTULO |
| Título del Material |
Journeying through Acts : |
| Parte restante del título - Subtitulo |
a literary-cultural reading |
| Mención de responsabilidad, etc. |
/ F Scott Spencer |
| 264 #1 - PRODUCCIÓN, PUBLICACIÓN, DISTRIBUCIÓN, MANUFACTURA, Y COPYRIGHT |
| Lugar de producción, publicación, distribución, manufactura |
Estados Unidos : |
| Nombre del productor, publicador, distribuidor |
Baker Books, |
| Fecha de producción, publicación, distribución, manufactura, o copyright |
[2010] |
| 264 #4 - PRODUCCIÓN, PUBLICACIÓN, DISTRIBUCIÓN, MANUFACTURA, Y COPYRIGHT |
| Fecha de producción, publicación, distribución, manufactura, o copyright |
© 2010 |
| 300 ## - DESCRIPCIÓN FÍSICA |
| Extensión |
278 páginas |
| Dimensiones |
; 23 cm |
| 336 ## - TIPO DE CONTENIDO |
| Fuente |
rdacontent |
| Término de tipo de contenido |
texto |
| Código de tipo de contenido |
txt |
| 337 ## - TIPO DE MEDIO |
| Fuente |
rdamedia |
| Nombre del tipo de medio |
sin mediación |
| Código del tipo de medio |
n |
| 338 ## - TIPO DE SOPORTE |
| Fuente |
rdacarrier |
| Nombre del tipo de soporte |
volumen |
| Código Tipo de soporte |
nc |
| 500 ## - NOTA GENERAL |
| Nota General |
Colección Dawn Christina Harrell<br/> |
| 505 ## - NOTA DE CONTENIDO |
| Nota de contenido con formato preestablecido |
Hechos 1-2: Orientación: El viaje comienza. -- El día de la Ascensión: 1.1-26. -- El día de Pentecostés 2.1-47. -- Hechos 3-5. -- Visitas al templo. -- Primera visita pública al Templo: 3.1-4.22. -- Interludio de la casa privada: 4.23-5.11. -- Segundo recorrido público del Templo: 5.12-41. -- Hechos 6-12: Excursiones fuera de Jerusalén. -- Esteban el Mártir en Jerusalén: 6.1-8.3. -- Felipe el Evangelista en Samaria y Judea: 8.4- 40. -- Saúl el perseguidor en Damasco y Jerusalén: 9.1-31. -- Pedro el apóstol en Sharon y Cesarea: 9.32-11.18. -- Bernabé el animador en Antioquía y Judea: 11.19-30. -- Pedro el prisionero en Jerusalén: 12.1- 25. -- Hechos 13.1-21.36: Expediciones al territorio gentil. -- Expedición mediterránea: 13.1-16.5. -- Expedición egea: 16.6-21.26. -- Hechos 21.37-28.15: Progreso del prisionero. -- Juicios en Jerusalén: 21.37-23.10. -- Viaje de Jerusalén a Cesarea: 23.11-35. --Juicios en Cesarea: 24.1 -26.32. -- Viaje desde Cesarea a Roma: 27.1-28.15. -- Hechos 28.16-31: Reorientación: El viaje concluye. |
| 563 ## - NOTA DE ENCUADERNACIÓN |
| Nota de encuadernación |
Rústico |
| 630 #7 - TITULO UNIFORME |
| Título uniforme |
Biblia. |
| Nombre de parte o sección de la obra |
Hechos |
| Subdivisión de materia general |
Crítica, interpretación, etc. |
| 942 ## - TIPO DE MATERIAL (KOHA) |
| Tipo de Item KOHA |
Libros General |
| 945 ## - INFORMACIÓN LOCAL DEL REGISTRO |
| Catalogador |
JTF-925 |
| Revisión registro |
AEM-53 |